000 00635nam a2200229Ia 4500
001 dia_2944
003 CHAP
005 20251023161252.0
008 220117s1983 xx 000 0 und d
010 _a173447
040 _cCHAP
082 _a664.9028 F7Y
100 _aFrey, Werner
_9140142
245 _aFabricación Fiable de Embutidos, Guía para el Técnico /
_c por Werner Frey
260 _aZaragoza (España) Acribia
_c1983
300 _a194 p.
650 _aEmbutidos
_936500
901 _a664.9028 F7Y
902 _aM
905 _a0000001983 ZARA 0000000000ESP00
942 _cLIBRO
_2ddc
999 _c173447
_d173447